| 000 | 04075nam a2200361Ia 4500 | ||
|---|---|---|---|
| 003 | CO-CtgCURN | ||
| 005 | 20251127162659.0 | ||
| 008 | 200306s2017 xx f 000 0 spa d | ||
| 020 | _a9789588843612 | ||
| 040 |
_aCO-CtgCURN _bspa _ccoctgcurn |
||
| 082 |
_a616.079 _bI57 |
||
| 245 | 0 |
_aInmunología de Rojas / _ceditores., William Rojas M. [y otros cinco, etc...] |
|
| 250 | _a18 edición | ||
| 260 |
_aMedellín, Antioquia : _bCorporación para Investigaciones Biológicas, _c2017 |
||
| 300 |
_a622 páginas : _bimágenes, ilustraciones, tablas ; _c22 centímetros |
||
| 500 | _aIncluye índice | ||
| 504 | _aIncluye referencias bibliográficas | ||
| 505 | _a1. Inmunología básica -- Generalidades y definiciones -- 2. Inmunidad innata -- Elementos constitutivos, barrera naturales, celulas, moleculas y sistemas enzimáticos -- MAcrofagos, monocitos, celulas dendríticas, membrana celular -- Granulocitos, mastocitos, plaqueta, fibroblastos -- Células linfoides de la inmunidad innata -- Por que, a donde y cómo circulan los leucocitos -- Sistema del complemento -- Fagocitosis -- Inflamación -- 3. Inmunidad adquirida -- Inmunógenos y antígenos - características, procesamiento y presentacion -- Organos linfoides y ontogenia de los linfocitos -- Linfocitos T e inmunidad celular -- Linfocitos B e inmunidad humoral -- Inmunidad organoespecifica -- Nutrición y respuesta inmune -- Inmunología de la reproducción -- Citoquinas -- Tolerancia - Regulación de la respuesta inmune - Memoria inmunológica -- Por qué, cuándo y cómo mueren las celulas -- Genetica y epigenetica de la respuesta inmune -- Evaluación del estado inmunológico -- 4. Inmunología clínica -- Defensa contra infecciones -- Hospedero, patógeno y medio ambiente en el desarrollo de enfermedades infecciosas -- Defensa inmune contra infecciones por bacterianas -- Respuesta inmune en tuberculosis -- Respuesta inmune contra las infecciones virales -- Respuesta inmune contra infecciones por parásitos -- Respuesta inmune en malaria -- Respuesta inmune en las infecciones por hongos -- Candidiasis -- Sepsis - trauma - estrés -- Cáncer y respuesta inmune -- Enfermedades proliferativas de las células del sistema inmune -- 5. Inmunodeficiencias -- Inmunodeficiencias primarias -- Inmunología de la infección por el virus de la inmunodeficiencia humana - HIV -- Inmunodeficiencia secundarias -- 6. Alergias -- Mecanismos básicos de las alergias -- Anafilaxia -- Asma y rinitis alérgica -- Urticaria -- Dermatitis atópica -- Alergia alimentaria -- 7. Enfermedades autoinmunes -- Autoinmunidad - el sistema inmune ataca "lo propio" -- Artritis reumatoide -- Otras artritis autoinmunes - autoinflamatorias -- Lupus eritematoso sistémico -- Síndrome de sjogren -- Esclerodermia - síndrome antifosfolipídico -- Afecciones autoinmune del sistema nerviosos y aspectos inmunológicos de las infecciones -- Afecciones autoinmunes de la piel -- Enfermedades autoinmunes del árbol respiratorio y otras afecciones inmunológicas -- Enfermedades autoinmune del tracto del hígado -- Enfermedades autoinmunes cardiovasculares -- Enfermedades autoinmunes de riñón -- Enfermedades autoinmune de los músculos -- Enfermedades autoinmune hematológicas -- Enfermedades autoinmune de los ojos -- 8. Modulación de la respuesta inmune -- Inmunomodulación - trasplantes -- Inmunización. | ||
| 521 | _aAREA PROFESIONAL | ||
| 590 | _aPrograma de Enfermería_27 | ||
| 650 |
_aInmunología _93427 |
||
| 650 |
_aSistema inmunológico _93428 |
||
| 700 |
_aRojas M., William _eeditor _93429 |
||
| 700 |
_aAnaya C., Juan Manuel _eeditor |
||
| 700 |
_aAristizábal B., Beatriz H. _eeditor _93430 |
||
| 700 |
_aCano R., Luz Elena _eeditor _93431 |
||
| 700 |
_aGómez O., Luis Miguel _eeditor |
||
| 700 |
_aLopera H., Damaris _eeditor _93432 |
||
| 942 |
_cBK _h616079 _iI57 _2ddc |
||
| 999 |
_c30709 _d30709 |
||